000 01091nam a2200337 a 4500
001 000045827
003 DO-SdBNP
005 20171103115049.0
007 000045827
008 150518s2008 dr ac 000 0 spa d
020 _a9789945429077
040 _aBPMSU
_bspa
_cBPMSU
082 4 _aRD863.44
_bS211a
100 1 _aSánchez Beras, César,
_d1962-
245 1 4 _aLas aventuras de pez sabueso y don delfin /
_cCésar Sánchez Beras ; ilustraciones de Kilia Llano.
260 _aSanto Domingo :
_bGrupo Santillana,
_c2008.
_c2010 (reimpresión)
300 _a39 p. :
_bil., retrs. ;
_c19 cm.
490 1 _aAlfaguara infantil
500 _aIncluye datos biográficos de la autor.
650 _aCUENTOS INFANTILES DOMINICANOS
650 _aLITERATURA INFANTIL DOMINICANA
700 1 2 _aLlano, Kilia
_eil.
830 0 _aAlfaguara infantil
930 1 _l
_m
_8
_f
_p
_g
930 1 _l
_m
_8
_f
_p
_g
_h
942 _2ddc
_cBK
945 _aInventariado infantil dom / 2017
956 _a
_b
_c
_l
_h
956 _a
_b
_c
_l
_h
956 _aVMATEO
_b10
_c20150602
_lBPMSU
_h00151
999 _c7897
_d7897